00000000nam 2200000zi 4500
0019.946067
003CaOODSP
00520250122133025
006m     o  d f      
007cr cn|||||||||
008241211e20250122onca    obs   000 0 eng d
020 |a9780660748535
040 |aCaOODSP|beng|erda|cCaOODSP
043 |an-cn---
0861 |aCS11-631/2025-1E-PDF
24500|aResearch to insights : |bperspectives on affordability and inequality.
24617|aDelivering insight through data for a better Canada
264 1|a[Ottawa] : |bStatistics Canada = Statistique Canada, |cJanuary 22, 2025.
300 |a1 online resource (17 unnumbered pages) : |bgraphs.
336 |atext|btxt|2rdacontent
337 |acomputer|bc|2rdamedia
338 |aonline resource|bcr|2rdacarrier
4901 |aA presentation series from Statistics Canada about the economy, environment and society, |x2368-6723
500 |aCover title.
500 |aIssued also in French under title: De la recherche aux connaissances : l'abordabilité et l'inégalité en perspective.
504 |aIncludes bibliographical references.
520 |a"This presentation highlights data and analysis conducted by Statistics Canada that underscore the affordability challenges facing Canadian households during the period of high inflation that followed the COVID-19 pandemic. It draws on recent data from Statistics Canada’s Distribution of Household Economic Accounts, the Survey of Financial Security (SFS) and the Canadian Social Survey (CSS)"--Context, page [3].
650 0|aFinance, Personal|zCanada|vStatistics.
650 0|aEconomic rights|zCanada.
650 0|aIncome distribution|zCanada|vStatistics.
650 0|aCost and standard of living|zCanada|vStatistics.
650 0|aCOVID-19 (Disease)|xEconomic aspects|zCanada|vStatistics.
655 7|aStatistics|2lcgft
7102 |aStatistics Canada, |eissuing body.
77508|tDe la recherche aux connaissances : |w(CaOODSP)9.946068
830#0|aA presentation series from Statistics Canada about the economy, environment and society.|w(CaOODSP)9.507934
85640|qPDF|s1.43 MB|uhttps://publications.gc.ca/collections/collection_2025/statcan/11-631-x/11-631-x2025001-eng.pdf
8564 |qHTML|sN/A|uhttps://www150.statcan.gc.ca/n1/pub/11-631-x/11-631-x2025001-eng.htm
986 |a11-631-X